[Event "MOKATE POL-chW 2019"]
[Site "Warsaw"]
[Date "2019.05.14"]
[Round "4.3"]
[White "Kubicka, Anna"]
[Black "Dwilewicz, Katarzyna"]
[Result "1-0"]
[WhiteElo "2142"]
[BlackElo "2028"]
[Annotator "TA"]
[PlyCount "79"]
[EventDate "2019.05.11"]
[EventType "tourn"]
[EventCountry "POL"]
[SourceTitle "playchess.com"]
[Source "ChessBase"]
[SourceQuality "1"]

{[%evp 11,79,37,54,36,41,34,59,49,54,61,79,38,39,35,49,34,48,32,21,-51,0,-52,-46,-50,-41,-32,-33,-50,13,-33,-22,-68,-58,-83,-79,-83,-85,-87,-91,-86,-92,-111,-114,-161,-154,-145,-116,-163,-141,-193,-18,-139,-155,-151,-147,-261,-254,-254,194,207,182,-69,704,668,665,633,593,592,615,597]} 1. e4 c5 2. Nf3 e6 3. d4 cxd4 4. Nxd4 Nc6 5. Nc3 Qc7 6. Be3 a6 7. Qf3 {B48: Sicilian: Taimanov: 5 Nc3 Qc7 6 Be3 a6 without Be2} (7. Bd3 Nf6 8. O-O Nxd4 9. Bxd4 Bc5 10. Bxc5 Qxc5 11. Na4 Qc7 12. c4 d6 13. Nc3 O-O 14. Be2 Rd8 15. Qd4 e5 16. Qe3 Be6 17. b3 Qc5 18. Qd3 Rac8 19. Rac1 {½-½ (35) Jakovenko,D (2719)-Harikrishna,P (2723) Shenzhen 2019}) 7... Nf6 8. O-O-O Be7 9. Kb1 {White is slightly better.} O-O 10. g4 d6 11. g5 {And now Nxc6 would win.} Nd7 $1 12. Qg3 $146 ({Predecessor:} 12. Qh5 b5 13. Bd3 Nde5 14. Nxc6 Qxc6 {0-1 (39) Sarana,A (2413)-Timofeev,A (2568) Taganrog 2015}) 12... b5 {[%cal Bb7b5,Bb5b4][%mdl 32]} 13. Nxc6 Qxc6 14. Bg2 {Threatens to win with e5.} Bb7 15. Rhg1 (15. Ne2 $11) 15... Qc7 (15... Rfc8 $15 16. Rc1 Nc5) 16. f4 ({Better is} 16. Ne2 $11) 16... b4 $1 $15 {[%cal Rb4c3]} 17. Ne2 Rfc8 18. Rd2 Nc5 $1 {[%cal Rc5e4]} 19. Bxc5 Qxc5 ({Black should try} 19... dxc5 $15 20. Rgd1 Rd8) 20. Rc1 a5 21. c3 Qb6 22. f5 exf5 23. exf5 Bxg2 24. Qxg2 Qe3 $1 {[%csl LRd2,LRg5][%mdl 64] Double Attack} 25. Rdc2 {cxb4 is the strong threat.} Qxg5 26. Qf3 Rab8 27. Rg1 Qh6 28. c4 Qxh2 29. Rg3 Qh4 30. Nf4 (30. Rg4 $17 Qh6 31. Rc1) 30... Kh8 $2 (30... Bg5 $19 31. Rg4 Qh6) 31. Rh3 (31. Rc1 $1 $11 {was the only way to keep the balance.} Qf6 32. Qg4) 31... Qe1+ $17 32. Rc1 Qe5 33. Rch1 {[#]} (33. Qg4 $17 h6 34. Nd5) 33... h6 $1 $19 ({Stronger than} 33... Qxf5+ 34. Nd3 $14) 34. Qg4 {White threatens Rxh6+! and mate.} Qf6 $4 {[%mdl 8192]} (34... Qe4+ $19 35. Ka1 Kh7) 35. Nd5 $40 {[%mdl 1152] White has strong compensation. White wants a kill.} Qg5 {[#]} 36. Qd4 $2 (36. Qf3 $1 $18) 36... Kg8 $2 {[%mdl 8192]} (36... Qxf5+ $15 37. Ka1 Qe5 38. Qxe5 dxe5 39. Nxe7 Rxc4) 37. Rh5 {White is clearly winning.} Bf6 38. Qf2 Rxc4 {With the idea ...Rc1+!} 39. Rxg5 Bxg5 40. f6 {Accuracy: White = 35%, Black = 52%.} 1-0

[Event "MOKATE POL-chW 2019"]
[Site "Warsaw"]
[Date "2019.05.14"]
[Round "4.4"]
[White "Socko, Monika"]
[Black "Sliwicka, Alicja"]
[Result "1-0"]
[WhiteElo "2445"]
[BlackElo "2271"]
[Annotator "TA"]
[PlyCount "89"]
[EventDate "2019.05.11"]
[EventType "tourn"]
[EventCountry "POL"]
[SourceTitle "playchess.com"]
[Source "ChessBase"]
[SourceQuality "1"]

{[%evp 15,89,44,68,34,71,70,90,54,64,53,50,56,58,52,66,56,71,29,32,29,51,28,77,62,81,74,79,77,73,64,60,56,84,57,156,157,209,32,28,26,16,35,22,0,16,16,91,41,375,364,340,325,402,391,487,521,506,477,642,645,707,698,668,660,685,671,637,618,605,604,1137,1083,1081,1047,827,776]} 1. d4 Nf6 2. c4 d6 3. Nf3 Nbd7 4. Nc3 e5 5. e4 g6 6. Be2 Bg7 7. O-O O-O 8. Be3 c6 9. Rc1 {E94: King's Indian: Classical: 6 Be2 e5 7 0-0: Various Black 7th moves} (9. d5 c5 10. Bg5 h6 11. Bd2 a6 12. Qc1 Kh7 13. Ne1 Qe7 14. Nc2 Ng8 15. Ne3 h5 16. a3 Bh6 17. b4 a5 {1-0 (58) Cheparinov,I (2711)-Kozul,Z (2612) Zagreb 2018}) 9... Qe7 {[#]} 10. d5 $1 c5 11. Ne1 {White is better.} Ne8 12. Nd3 f5 13. f3 f4 14. Bf2 g5 15. b4 b6 16. bxc5 $146 ({Predecessor:} 16. a4 Rf6 {½-½ (49) Bender,L (2016)-Kluehs,G (1680) Berlin 2017}) 16... bxc5 17. Rb1 h5 18. Qa4 Nb8 19. h3 g4 20. fxg4 hxg4 21. Bxg4 Bxg4 22. hxg4 Qg5 23. Ne1 Qxg4 24. Nf3 Nf6 (24... Qd7 $14) 25. Rb7 $16 Kh8 (25... Rd8 $16 {keeps fighting.}) 26. Qd1 $2 ({White should play} 26. Nb5 $18) 26... Nbd7 $14 27. Nh4 {aiming for Qxg4.} Qxd1 $1 28. Rxd1 {Black must now prevent Ng6+.} Rfb8 29. Rc7 Rb2 30. Nf5 $36 {[%mdl 2048] White is more active.} Rc2 (30... Bf8 $11 {remains equal.}) 31. Be1 f3 $2 {[%mdl 8192]} (31... Bf8 $14) 32. gxf3 $18 Rg8 33. Kf1 ({Not} 33. Rxa7 Nb6 $18) 33... Nb6 34. Nxd6 Nh5 35. Rd2 {White is clearly winning.} Ng3+ 36. Kg2 ({Weaker is} 36. Bxg3 Rxd2 37. Rxc5 Rc2 $16) 36... Rxd2+ 37. Bxd2 Bf6 {And now ...Nxe4+ would win.} 38. Nf7+ Kh7 39. Nxe5+ {[%mdl 64] [#] Discovered Attack} Rg7 40. Rxg7+ Kxg7 41. Bf4 Nh5 42. Bh2 Nxc4 43. Nxc4 Bxc3 44. e5 Kg6 45. f4 {Accuracy: White = 54%, Black = 39%.} 1-0

[Event "MOKATE POL-chW 2019"]
[Site "Warsaw"]
[Date "2019.05.14"]
[Round "4.5"]
[White "Kulon, Klaudia"]
[Black "Warakomska, Anna"]
[Result "1-0"]
[WhiteElo "2357"]
[BlackElo "2218"]
[Annotator "TA"]
[PlyCount "61"]
[EventDate "2019.05.11"]
[EventType "tourn"]
[EventCountry "POL"]
[SourceTitle "playchess.com"]
[Source "ChessBase"]
[SourceQuality "1"]

{[%evp 25,61,9,16,8,8,11,60,54,75,68,87,91,141,137,150,151,184,182,181,171,291,294,284,293,411,407,411,404,384,381,584,572,795,762,800,788,969,960]} 1. e4 c5 2. Nc3 Nc6 3. g3 g6 4. Bg2 Bg7 5. Nge2 e6 6. d3 Nge7 7. Be3 Nd4 8. Qd2 Rb8 9. O-O O-O 10. Nc1 d6 11. Nd1 b5 12. c3 Ndc6 13. Bh6 b4 14. Bxg7 {B26: Closed Sicilian: 3 g3, lines with early Be3} Kxg7 15. Ne3 Bb7 (15... bxc3 16. bxc3 e5 17. f4 f6 18. fxe5 fxe5 19. Ne2 Rxf1+ 20. Rxf1 Bd7 21. g4 Ng8 22. g5 Qa5 23. Ng3 Rf8 24. Nc4 Rxf1+ 25. Nxf1 {0-1 (49) Sindarov,J (2422)-Pascua,H (2424) Johor 2017}) 16. cxb4 $146 {White is slightly better.} ({Predecessor:} 16. f4 f5 17. Rd1 d5 18. e5 Qb6 19. Ne2 Ba6 20. Bf3 Rfd8 {0-1 (32) Imperor,A (1501)-Sibajeva,M (1721) Al Ain 2013}) 16... cxb4 17. d4 e5 18. Nb3 a5 19. d5 Na7 20. a4 Ba6 21. Rfc1 Nac8 22. f4 ({Don't take} 22. Ng4 $6 f5 $14) 22... Qb6 (22... f6 {was worth a try.} 23. Bf1 Bxf1) 23. fxe5 $18 dxe5 {If only Black now had time for ...Nd6....} 24. Nc5 Qd6 (24... Nd6 {might work better.} 25. Nd7 Qa7) 25. Ng4 {[%cal Be3g4,Bg4e5,Be5c4][%mdl 32]} Ng8 26. Nxa6 {[%mdl 64] [#] Overworked Piece} Qxa6 27. Nxe5 Nf6 (27... Qa7+ {was necessary.} 28. Kh1 Nce7) 28. Qd4 {White is clearly winning.} Qb6 29. Rc5 Rb7 30. Rf1 Kg8 31. Nc4 {[%mdl 64] Double Attack. Accuracy: White = 100%, Black = 28%.} 1-0

[Event "MOKATE POL-chW 2019"]
[Site "Warsaw"]
[Date "2019.05.15"]
[Round "5.1"]
[White "Warakomska, Anna"]
[Black "Szczepkowska, Karina"]
[Result "1/2-1/2"]
[WhiteElo "2218"]
[BlackElo "2431"]
[Annotator "TA"]
[PlyCount "78"]
[EventDate "2019.05.11"]
[EventType "tourn"]
[EventCountry "POL"]
[SourceTitle "playchess.com"]
[Source "ChessBase"]
[SourceQuality "1"]

{[%evp 13,78,2,9,4,0,-11,0,0,8,4,28,12,19,12,49,-31,-27,-45,-21,-32,-22,-33,-7,-14,-11,-8,-8,-52,-66,-83,-86,-74,-62,-44,-52,-52,-36,-104,-55,-54,-41,-84,-69,-141,-122,-131,-135,-127,-147,-154,-11,-18,-11,-65,-9,-201,-199,-221,-202,-203,-94,-189,-219,-320,-212,-270,-223]} 1. e4 e5 2. Nf3 Nf6 3. Nxe5 d6 4. Nf3 Nxe4 5. Nc3 Nxc3 6. dxc3 Be7 7. Be3 O-O 8. Qd2 {C42: Petroff Defence: 3 Nxe5 and unusual White 3rd moves} Nd7 9. Be2 (9. O-O-O Nf6 10. Bd3 c5 11. Rhe1 Be6 12. Bg5 d5 13. Qf4 Re8 14. Re5 Qc7 15. Qh4 h6 16. Bxh6 {½-½ (100) Navara,D (2739)-Gelfand,B (2655) Prague 2019}) 9... Ne5 10. h3 {The position is equal.} c6 11. O-O-O Qa5 12. Kb1 b5 $146 ({Predecessor:} 12... Be6 13. b3 Nxf3 14. Bxf3 Bf6 15. Bd4 Bxd4 16. cxd4 Qxd2 17. Rxd2 d5 {½-½ (40) Malakhov,I (2422)-Rozum,I (2475) St Petersburg 2012}) 13. c4 b4 14. Nd4 (14. Rhe1 $14) 14... c5 $15 15. Nb3 Qc7 16. f4 Nd7 17. Bf3 Rb8 18. Qd3 Nb6 19. Nd2 Ba6 20. Be4 h6 21. f5 {[#]} d5 $1 {[%mdl 512]} 22. Bxd5 (22. cxd5 Bxd3) 22... Nxd5 23. Qxd5 Bb7 24. Qd3 Rbd8 {[%mdl 1024] Black has compensation.} 25. Qe2 (25. Qf1 $1 $15) 25... Qe5 {aiming for ...Bf6.} 26. Nf3 Qe4 27. Rhe1 Bf6 $1 28. Qf2 (28. Rd3 $15 Rfe8 29. Rxd8 Rxd8 30. Bc1 Qxf5 31. Qe3) 28... Qxc4 $17 29. Nd2 Qb5 30. Bxc5 Rfe8 $40 {[%mdl 128] White is in trouble.} 31. Nb3 a5 (31... Rxd1+ $17 32. Rxd1 Re2) 32. Rxd8 $1 $11 Rxd8 33. Bb6 (33. Be7 $11 Bxe7 34. Rxe7) 33... Ra8 ({Better is} 33... Rd5 $15 34. Bxa5 Rxf5) 34. g4 $2 (34. Bd4 $11 {and White stays safe.}) 34... a4 $19 {[%cal Ba5a4,Ba4b3][%mdl 32]} 35. Qc5 {[#]} Qd7 $1 36. Nd4 {[#]} b3 (36... Bg2 $1 $19 37. h4 (37. Qxb4 $2 Rb8 $19) 37... Bxh4) 37. cxb3 (37. axb3 $17 Bg2 38. Rg1 Bxh3 39. Qb5 Qxb5 40. Nxb5) 37... axb3 38. a3 (38. axb3 $142 Ra6 39. Nc2) 38... Rc8 39. Qb4 Bh4 {Accuracy: White = 32%, Black = 52%.} 1/2-1/2

[Event "MOKATE POL-chW 2019"]
[Site "Warsaw"]
[Date "2019.05.15"]
[Round "5.2"]
[White "Sliwicka, Alicja"]
[Black "Kulon, Klaudia"]
[Result "1-0"]
[WhiteElo "2271"]
[BlackElo "2357"]
[Annotator "TA"]
[PlyCount "146"]
[EventDate "2019.05.11"]
[EventType "tourn"]
[EventCountry "POL"]
[SourceTitle "playchess.com"]
[Source "ChessBase"]
[SourceQuality "1"]

{[%evp 19,146,0,0,0,0,-60,0,-48,-44,-52,-55,-58,10,0,0,-98,-98,-101,-116,-116,-110,-112,-101,-103,-110,-185,-184,-170,-164,-198,-122,-149,-143,-185,-124,-218,-220,-218,-204,-278,-277,-285,-255,-297,-287,-275,-275,-326,-343,-341,-345,-338,-337,-324,-44,-27,-18,-108,0,0,0,-47,0,0,0,0,11,0,0,0,14,14,14,-116,16,0,0,0,0,0,0,0,81,87,322,320,277,68,68,67,65,54,78,78,333,353,400,381,728,727,660,701,682,672,971,949,917,808,29965,29966,29963,29967,29959,29949,29974,29975,29976,29977,29977,29978,29978,29979,29977,29978,29978,29979,29979,29980,29993]} 1. e4 e6 2. d4 d5 3. Nc3 Nc6 4. Nf3 Nf6 5. Bg5 Be7 6. e5 Ne4 7. Bxe7 Qxe7 8. Bd3 Qb4 9. O-O Nxc3 10. bxc3 Qxc3 11. Rb1 {C10: French with 3 Nc3: Unusual Black 3rd moves and 3...dxe4} Qa3 12. Ng5 ({White should try} 12. Qd2 $11) (12. Qd2 Qe7 13. c4 O-O 14. Rfc1 a5 15. Rb3 a4 16. Rbb1 dxc4 17. Rxc4 Bd7 18. Ng5 h6 19. Ne4 Rfd8 20. Bc2 Be8 21. Nf6+ Kf8 22. Nh7+ Kg8 23. Nf6+ Kf8 24. Nh7+ Kg8 25. Nf6+ {½-½ (25) Asadli,V (2426)-Bauer,C (2635) Zuerich 2016}) 12... g6 (12... Qxa2 $6 13. Qf3 $16) (12... Nxd4 $15 13. Nxh7 b6) 13. Qg4 {The position is equal.} Qe7 14. h4 h6 $146 ({Predecessor:} 14... b6 15. c4 Ba6 16. Qd1 O-O-O 17. c5 Bxd3 18. Qxd3 bxc5 {1-0 (72) Wehmeier,S (2411)-Bee,M (2218) Germany 2013}) 15. Nh3 (15. Nxf7 $2 h5 $19) 15... Nb4 (15... b6 $15) 16. Bb5+ $11 c6 17. Ba4 (17. Be2 $1 $11) 17... a5 $36 {[%mdl 2048] Black has strong initiative.} 18. c3 Nxa2 19. Qg3 Qa3 $1 {[%cal Ra3a4][%mdl 64] Double Attack} 20. Bb3 a4 21. Bxa2 Qxa2 22. h5 (22. Qe3 $17) 22... Qc2 $1 $19 (22... gxh5 23. Qg7 $11) 23. Nf4 {[%cal Rh5g6]} g5 24. Nd3 {White hopes to continue with Qe3.} a3 ({Black should play} 24... Qxc3 $19 25. Qe3 Qa5) 25. Rbc1 Qe2 26. Qh3 Qe4 (26... b6 $1 $19 {Threatens to win with ...Ba6.} 27. Rfe1 Qa2) 27. f4 {[#]} (27. Ra1 $17) 27... g4 $1 {[%cal Rg4h3]} 28. Qg3 (28. Qxg4 Qxd3) 28... Qf5 29. c4 a2 30. Nf2 Rg8 ({Not} 30... Qxh5 31. Nxg4 Kf8 32. Nf6 $17) 31. c5 Qxh5 32. Ra1 Qf5 33. Rfc1 h5 34. Qe3 h4 35. Rf1 Kf8 36. Rfc1 h3 $2 (36... Ra4 $19 {Strongly threatening ...Rh8.} 37. Qd2 Ke7 38. Rxa2 Rxa2 39. Qxa2 Qxf4 {[%mdl 64] Double Attack}) 37. g3 $1 $15 {[#]} h2+ $1 38. Kg2 {[#]} (38. Kh1 $11) (38. Kxh2 Rh8+) 38... Ra4 (38... b6 $1 $17 39. cxb6 Ba6 {[%mdl 64] Decoy}) 39. Qd2 $11 Rh8 40. Rh1 Ra3 41. Rxa2 Rf3 42. Qe2 Ke7 43. Rxh2 Rxh2+ 44. Kxh2 Qb1 45. Rb2 Qc1 46. Rd2 {[#]} (46. Nxg4 $11 {remains equal.} Qc3 47. Rc2) 46... Rb3 ({Better is} 46... b5 $1 $17 {[%cal Rb5b4]} 47. Nxg4 b4) 47. Nxg4 b5 48. cxb6 Ba6 49. Qf2 Rb1 {[%csl Gb1][%cal Rc1h1]} 50. Kh3 $1 ({Wrong is} 50. Qg2 $2 Bf1 $19) 50... Bf1+ (50... Rxb6 $11 51. Nf6 Bc4) 51. Kh4 $16 Rxb6 $2 (51... Bc4 $16 {was worth a try.}) 52. f5 $18 Qb1 53. Qf4 $2 (53. Qe3 $18 {Black must now prevent Qg5+.} exf5 54. Qg5+ Kd7 55. Nf6+ Kc7 56. Qh5) 53... Qxf5 $14 54. Qxf5 exf5 {[%mdl 4096] Endgame KRB-KRN} 55. Ne3 Bc4 56. Kg5 Rb3 $2 {[%mdl 8192]} (56... f4 $16 57. gxf4 Rb1) 57. Nxf5+ $18 Ke6 58. Rh2 Bd3 $2 (58... c5 59. Rh6+ Kd7) 59. Rh6+ Kd7 60. g4 c5 61. dxc5 Bc4 62. Rd6+ Kc7 63. Kf6 Be2 64. Nd4 {White mates.} Re3 65. Nxe2 Rxe2 66. Kxf7 Rxe5 {KR-KR} 67. Kf6 Re4 68. g5 Rf4+ {[#]} 69. Ke5 $1 Rg4 70. g6 d4 71. Kf5 Rg1 72. Rxd4 Kc6 73. Rg4 Kd5 {Accuracy: White = 53%, Black = 39%.} 1-0

[Event "MOKATE POL-chW 2019"]
[Site "Warsaw"]
[Date "2019.05.15"]
[Round "5.3"]
[White "Dwilewicz, Katarzyna"]
[Black "Socko, Monika"]
[Result "0-1"]
[WhiteElo "2028"]
[BlackElo "2445"]
[Annotator "TA"]
[PlyCount "104"]
[EventDate "2019.05.11"]
[EventType "tourn"]
[EventCountry "POL"]
[SourceTitle "playchess.com"]
[Source "ChessBase"]
[SourceQuality "1"]

{[%evp 24,104,57,53,45,25,25,21,20,27,19,14,9,0,18,18,15,18,18,14,26,25,47,8,37,9,34,0,0,0,0,0,0,0,0,0,0,0,25,-17,0,-16,-22,-14,-15,-31,0,0,0,-6,-6,-6,-6,-94,-94,-93,-108,-188,-186,-168,-95,-254,-237,-244,-237,-371,-233,-489,-485,-1612,-1593,-1571,-1501,-29974,-29976,-29975,-29977,-29976,-29978,-29986,-29976,-29986,-29987]} 1. e4 c5 2. Nf3 Nc6 3. d4 cxd4 4. Nxd4 g6 5. c4 Bg7 6. Be3 Nf6 7. Nc3 O-O 8. Be2 d6 9. O-O Bd7 10. Qd2 Nxd4 11. Bxd4 Bc6 12. f3 a5 13. Rfd1 Nd7 {B38: Sicilian: Maroczy Bind with 5...Bg7 and 7...0-0} 14. Rac1 (14. Bxg7 Kxg7 15. Qd4+ Kg8 16. b3 Qb6 17. Qxb6 Nxb6 18. Rac1 Rac8 19. Kf2 f5 20. exf5 gxf5 21. f4 Nd7 22. Bd3 Nc5 {½-½ (71) Priyadharshan,K (2513)-Gorovets,A (2496) Saint Louis 2018}) 14... Bxd4+ 15. Qxd4 Qb6 {The position is equal.} 16. Qxb6 $146 ({Predecessor:} 16. Nd5 Bxd5 17. Qxb6 {0-1 (47) Gutt,O (1936)-Balduan,M (2170) Bergisch Gladbach 1996}) 16... Nxb6 17. Nd5 Bxd5 $1 18. cxd5 Rfc8 19. Bb5 Kg7 20. Kf2 f5 21. Ke3 Kf6 22. Kd4 h5 23. g3 Rab8 24. a3 fxe4 (24... h4 $5) 25. Kxe4 h4 26. f4 hxg3 27. hxg3 Rh8 28. Rh1 Rxh1 29. Rxh1 $11 {[%mdl 4096] Endgame KRB-KRN} Rc8 30. Rh7 Nxd5 31. Bd7 (31. g4 $5 {[%cal Rb5d7]} Nb6 32. Kf3 $14) 31... Rd8 32. Kxd5 (32. Bh3 {seems wilder.} e6 33. Rxb7 Rh8 34. Bf1 g5 35. f5) 32... Rxd7 {KR-KR} 33. Rh8 $1 e6+ 34. Kd4 g5 35. Rf8+ Kg7 36. Re8 gxf4 37. gxf4 Kf6 38. Rf8+ (38. Ra8 $1 $11) 38... Rf7 $17 39. Ra8 Ke7 40. Rxa5 (40. Ke3 $17 {was called for.}) 40... Rxf4+ $19 41. Ke3 {[#]} Rf7 (41... Rf5 $1 $19 {[%cal Rf5a5]} 42. Ra8 Kd7) 42. b4 $2 (42. Rb5 $17) 42... e5 43. Ra7 Ke6 44. a4 (44. Ra8 {was the only chance.}) 44... Kd5 45. Ra5+ $2 {[#]} (45. a5) 45... Kc4 46. Rb5 (46. Ra8 $142 Kxb4 47. Rd8) 46... Rd7 47. Rb6 d5 48. b5 d4+ {Black mates.} 49. Kd2 e4 50. Re6 e3+ 51. Ke2 Kc3 52. a5 d3+ {Accuracy: White = 27%, Black = 70%.} 0-1

[Event "MOKATE POL-chW 2019"]
[Site "Warsaw"]
[Date "2019.05.15"]
[Round "5.4"]
[White "Majdan, Joanna"]
[Black "Kubicka, Anna"]
[Result "1/2-1/2"]
[WhiteElo "2371"]
[BlackElo "2142"]
[Annotator "TA"]
[PlyCount "84"]
[EventDate "2019.05.11"]
[EventType "tourn"]
[EventCountry "POL"]
[SourceTitle "playchess.com"]
[Source "ChessBase"]
[SourceQuality "1"]

{[%evp 13,84,4,14,7,7,4,4,0,43,0,0,0,37,37,39,39,52,52,43,38,51,49,44,42,47,26,25,29,36,0,0,0,0,-3,0,0,0,0,0,0,0,0,19,10,27,31,19,0,29,0,0,-9,0,-25,-28,-44,-39,-44,-29,-29,-31,-34,0,0,0,0,2,0,5,0,2,0,0]} 1. e4 c6 2. d4 d5 3. Nc3 dxe4 4. Nxe4 Bf5 5. Ng3 Bg6 6. Nh3 Nf6 7. Nf4 e5 8. dxe5 {B18: Classical Caro-Kann: 4...Bf5 sidelines} Qa5+ {[%mdl 64] [#] Double Attack} 9. c3 Qxe5+ 10. Be2 (10. Qe2 Nbd7 11. Nxg6 hxg6 12. Bf4 Qxe2+ 13. Bxe2 Bc5 14. Bf3 O-O-O 15. O-O Nd5 16. Bxd5 cxd5 {½-½ (51) Svidler,P (2727)-Giri,A (2793) Baku 2015}) 10... Qc7 11. Bc4 $146 ({Predecessor:} 11. Nfh5 Nbd7 12. O-O Nxh5 13. Nxh5 O-O-O 14. Bf4 Ne5 15. Qa4 Kb8 {½-½ (32) Tiviakov,S (2611)-Granda Zuniga,J (2683) Antofagasta 2016}) 11... Bd6 12. Qe2+ Qe7 (12... Kf8 {feels hotter.} 13. Qd2 Nbd7 14. O-O Rd8 15. Rd1 Nc5) 13. Qxe7+ Kxe7 14. Nxg6+ hxg6 15. Bg5 Bxg3 16. fxg3 Nbd7 17. O-O Rhe8 18. Rad1 Rad8 19. Be3 b6 20. Bf4 {[%csl Gd1][%cal Rf4d6] [#]} Nc5 21. Bc7 Rxd1 22. Rxd1 {Bd6+ is the strong threat.} Nfe4 23. Be5 Kf8 24. Bf4 b5 25. Bf1 Na4 26. Bc1 f5 27. g4 Ke7 28. Be2 Rd8 29. Rf1 Ke6 {With the idea ...Nxb2!} 30. Bf3 a5 31. Re1 Nac5 32. gxf5+ gxf5 33. Be3 {Threatens to win with Bxc5.} Nd3 34. Rd1 {Black must now prevent Be2.} Rd7 35. Rb1 g6 36. Kf1 Ne5 37. Ke2 Nxf3 (37... Nc4 {looks sharper.} 38. Bf4 a4 39. h3 a3 40. Bxe4 fxe4 41. b3 Nb6) 38. gxf3 {The position is equal.} Nd6 39. Rg1 Kf7 40. Rd1 Ke6 41. Rg1 Kf7 42. Rd1 Ke6 {Accuracy: White = 58%, Black = 65%.} 1/2-1/2

[Event "MOKATE POL-chW 2019"]
[Site "Warsaw"]
[Date "2019.05.15"]
[Round "5.5"]
[White "Zawadzka, Jolanta"]
[Black "Rajlich, Iweta"]
[Result "0-1"]
[WhiteElo "2427"]
[BlackElo "2378"]
[Annotator "TA"]
[PlyCount "72"]
[EventDate "2019.05.11"]
[EventType "tourn"]
[EventCountry "POL"]
[SourceTitle "playchess.com"]
[Source "ChessBase"]
[SourceQuality "1"]

{[%evp 17,72,-2,18,20,7,8,19,19,0,0,35,33,28,7,13,-15,-12,-4,0,0,37,45,35,-24,0,30,0,0,83,64,156,118,233,212,238,41,39,-219,-200,-780,-829,-905,-905,-729,-847,-1589,-1615,-1297,-1207,-3478,-2803,-2343,-2247,-2552,-1945,-29990,-29989]} 1. e4 c5 2. Nf3 ({Predecessor:} 2. c3 Nf6 3. e5 Nd5 4. Bc4 Nb6 5. Bb3 g6 6. Nf3 Bg7 7. O-O O-O 8. a4 d5 9. d4 cxd4 10. cxd4 Nc6 {1-0 (60) Potapov,P (2478)-Gurvich,V (2209) Voronezh 2015}) 2... g6 3. c3 Nf6 4. e5 Nd5 5. d4 cxd4 6. cxd4 Bg7 7. Bc4 Nb6 8. Bb3 O-O 9. O-O Nc6 10. a4 $146 {aiming for a5. B22: Sicilian: 2 c3} (10. Bf4 d5 11. Nc3 Bg4 12. Be3 f6 13. exf6 Rxf6 14. Re1 Qd7 15. Bg5 Rf5 16. Bh4 Raf8 17. Re3 Bxf3 18. gxf3 Bxd4 {0-1 (35) Plat,V (2532)-Zhigalko,S (2671) Tallinn 2016}) 10... d5 11. h3 Bf5 12. Nc3 {The position is equal.} Rc8 13. Qe2 a5 14. Rd1 Nb4 15. g4 Bd7 16. Kg2 Rc6 17. Ne1 f5 18. Nd3 fxg4 19. hxg4 h5 20. Nxb4 ({White should play} 20. gxh5 $14 gxh5 21. Qxh5) 20... Rxc3 (20... axb4 $142 21. Nxd5 Be6 22. Nxe7+ Qxe7) 21. bxc3 $11 Bxg4 22. Qd3 axb4 (22... Bf3+ $11 {keeps the balance.} 23. Kf1 (23. Kg1 $2 e6 $19) 23... e6 24. Qxg6 Qh4) 23. Qxg6 $16 Bf3+ ({Black should try} 23... Bf5 $14 24. Qg3 (24. Qxh5 Qc8 $16) 24... bxc3) 24. Kf1 {Strongly threatening Bh6!} Qc8 {[#]} (24... Rf7 $16 {was necessary.}) 25. Bh6 $1 $18 {[%csl Gh6][%cal Rg6g7]} (25. cxb4 $2 Qh3+ 26. Ke1 Qh1+ 27. Kd2 Bxd1 $19) 25... Qg4 26. Qxg4 $2 ({Only move:} 26. Qxg7+ $18 Qxg7 27. Bxg7 Bxd1 28. Bxf8 (28. Rxd1 Kxg7 29. a5 Nc4 $14) 28... Bxb3 29. Bxe7 Bc4+ 30. Ke1) 26... hxg4 $14 27. Bg5 $2 {[%mdl 8192] [#]} (27. Bxg7 $14 {keeps the upper hand.} Kxg7 28. cxb4 Bxd1 29. Rxd1 (29. Bxd1 g3 $16)) 27... Rf5 $1 $19 {[%cal Rf5g5]} 28. Rdc1 $2 (28. Bxe7 {leads to mate.} Rh5 29. Bh4 Rxh4 30. Bxd5+ Nxd5 31. Ke1 bxc3 32. Kf1 Rh1#) (28. Rd3 Rxg5 29. Bd1) 28... Rxg5 29. Bd1 {[#]} b3 $1 30. Rab1 (30. Bxb3 Rh5) 30... Nc4 31. Kg1 b2 32. Rc2 Be4 {[%mdl 64] Skewer} 33. Rcxb2 Nxb2 34. Rxb2 Rh5 {[%csl Ge4][%cal Rh5h1]} 35. f3 gxf3 36. Rxb7 {[#]} Rh1+ $1 {[%mdl 512] Accuracy: White = 28%, Black = 48%.} 0-1